Największe miasta w Chinach Ludowych - Statystyki

Ogólne statystyki
  • Ten quiz został rozwiązany 40 razy
  • Średni wynik to 6 z 13
Statystyki odpowiedzi
Ludność Miasto % Poprawnych
11,716,620 Pekin
100%
22,000,000 Szanghaj
88%
9,785,388 Wuhan
66%
11,071,424 Kanton
59%
7,457,600 Chongqing
44%
7,415,590 Chengdu
41%
10,358,381 Shenzhen
38%
6,501,190 Xi'an
38%
7,165,292 Nankin
31%
11,090,314 Tiencin
31%
6,241,971 Hangzhou
16%
6,255,921 Shenyang
9%
8,000,000 Dongguan
6%
Nie znaleziono quizów pasujących do podanych kryteriów
Rozkład punktacji
Procent ludzi z każdym wynikiem
Percentyl według liczby udzielonych odpowiedzi
Twoja historia wyników
Nie rozwiązałeś tego quizu